00787nam a2200205 i 450000100060000000300090000600500170001500700030003200800410003510000250007624501700010126000480027130000260031970000220034570000300036770000250039785200220042299900170044495201200046177207ES-MaACL20230906173123.0t|041007s1930 fr ||||1| fre d1 aHaas, Arthur.96135413aLa mécanique ondulatoire et les nouvelles théories quantiques / cpar Arthur Haas ; traduit de l'allemand par A. Bogros, E. Esclangon ; préface de Emile Borel. aParis : bGauthier-Villars et Cie., c1930. aVI, 198 p. ; c19 cm.1 aBogros, A.9298101 aEsclangon, Ernest.9475431 aBorel, Emile.930428 aES-MaACLjB-12564 c77207d77207 00104070aATENEOMbATENEOMcSPBd2008-01-17eSCl0oB-12564p1080780r2023-02-23 00:00:00w2023-02-23yMONOGRAFIA